00242 a2200121 4500001000700000020000600007040001100013100001800024240003300042245002800075300000800103362000900111184503 a  cMagnum aCaldas, Paulo10aAs faces do escorpiãolpor10aAs faces do escorpião a1370 a1997